UBT Library

BEST PRACTICES FOR INVESTMENT COMMITTEES (Record no. 38236)

000 -LEADER
fixed length control field 00313nam a22001337a 4500
008 - FIXED-LENGTH DATA ELEMENTS--GENERAL INFORMATION
fixed length control field 171108b xxu||||| |||| 00| 0 eng d
020 ## - INTERNATIONAL STANDARD BOOK NUMBER
International Standard Book Number 9781592803095
041 ## - LANGUAGE CODE
Language code of text/sound track or separate title eng
080 ## - UNIVERSAL DECIMAL CLASSIFICATION NUMBER
Universal Decimal Classification number 330.322
100 ## - Rafti
Rafti 64
101 ## - Shkurtesa
Shkurtesa INV
245 ## - TITLE STATEMENT
Title BEST PRACTICES FOR INVESTMENT COMMITTEES
Statement of responsibility, etc BRUNO,R.D
942 ## - ADDED ENTRY ELEMENTS (KOHA)
Source of classification or shelving scheme
Item type Books
Holdings
Withdrawn status Lost status Source of classification or shelving scheme Damaged status Not for loan Collection code Permanent location Current location Shelving location Date acquired Total Checkouts Full call number Barcode Date last seen Price effective from Koha item type
          Koleksioni Referal UBT - Lipjan UBT - Lipjan Koleksioni i përgjithshem 11/08/2017   330.322 BRU 002-2937762 11/08/2017 11/08/2017 Books
UBT Library © 2015-2024. All rights reserved University Education for Business and Technology